000 00388nam a22001577a 4500
003 MPLRDC
005 20220104124327.0
008 210129b ||||| |||| 00| 0 eng d
082 _a868.71 XMHW v.6
100 _a孟毅编选
245 _a新马华文文学大系. 第六集: 诗歌
_c
260 _a
_b教育出版社
_c
300 _b
650 _a
942 _cBK
_o868.71 XMHW v.6
999 _c18452
_d18442